[Event "44th Sparkassen Open"]
[Site "Dortmund GER"]
[Date "2016.07.17"]
[Round "9.13"]
[White "Kruse, Janik"]
[Black "Korten, Lando"]
[Result "1-0"]
[WhiteElo "2153"]
[BlackElo "2000"]
[WhiteFideId "16200250"]
[BlackFideId "12989606"]
[EventDate "2016.07.09"]

1. d4 Nf6 2. c4 g6 3. Nc3 Bg7 4. e4 d6 5. f3 O-O 6. Be3 Nbd7 7. Nge2 c5 8. Qd2
cxd4 9. Nxd4 Ne5 10. Be2 Bd7 11. O-O Rc8 12. b3 Nc6 13. Rac1 a6 14. Rfd1 Nxd4
15. Bxd4 Be6 16. Be3 Qd7 17. Na4 Rc6 18. Qb4 Qc7 19. Nb6 Re8 20. a4 Nd7 21. a5
Nc5 22. Qa3 f5 23. b4 Nd7 24. Nd5 Qb8 25. Bg5 Bxd5 26. exd5 Rc7 27. Qe3 Qc8 28.
Bf1 Bf6 29. Bf4 Be5 30. Bh6 Bg7 31. Bxg7 Kxg7 32. Qd4+ Nf6 33. Re1 e5 34. dxe6
Rxe6 35. Rxe6 Qxe6 36. Rd1 Rd7 37. Kf2 Qe5 38. Qxe5 dxe5 39. Rxd7+ Nxd7 40. c5
Nb8 41. b5 axb5 42. Bxb5 Kf6 43. c6 bxc6 44. a6 Nxa6 45. Bxa6 Ke6 46. Bc4+ Kd6
47. Bg8 Ke7 48. Ke3 Kf6 49. Kd3 h5 50. Bb3 g5 51. h3 h4 52. Ba4 c5 53. Bc6 g4
54. hxg4 fxg4 55. fxg4 Kg5 56. Bf3 Kf4 57. Bd1 e4+ 58. Kc4 Kg3 59. g5 Kxg2 60.
g6 h3 61. g7 h2 62. g8=Q+ Kf2 63. Qh7 Kg1 64. Qg6+ Kf2 65. Qxe4 1-0

[Event "44th Sparkassen Open"]
[Site "Dortmund GER"]
[Date "2016.07.17"]
[Round "9.14"]
[White "Stein, Robert"]
[Black "Lewin, Tammo"]
[Result "1-0"]
[WhiteElo "2169"]
[BlackElo "2041"]
[WhiteFideId "12921084"]
[BlackFideId "4668596"]
[EventDate "2016.07.09"]

1. d4 d5 2. c4 e6 3. Nc3 c5 4. cxd5 cxd4 5. Qa4+ Bd7 6. Qxd4 exd5 7. Nf3 Nc6 8.
Qxd5 Nf6 9. Qd1 Bc5 10. e3 Qe7 11. a3 O-O-O 12. Qc2 Kb8 13. Be2 g5 14. b4 Bb6
15. Bb2 Rhg8 16. Na4 Bc7 17. Nc5 Bc8 18. Rc1 Nd5 19. Qe4 Qf8 20. Nd4 Nxd4 21.
Bxd4 f5 22. Qc2 f4 23. Bf3 Qe7 24. Qe4 fxe3 25. fxe3 Qe6 26. Qxd5 Qxd5 27. Bxd5
Rxd5 28. O-O g4 29. Ne4 Rh5 30. Bxa7+ Kxa7 31. Rxc7 Re5 32. Nd6 1-0

[Event "44th Sparkassen Open"]
[Site "Dortmund GER"]
[Date "2016.07.17"]
[Round "9.15"]
[White "Steinle, Carsten"]
[Black "Kueppers, Timo"]
[Result "0-1"]
[WhiteElo "2141"]
[BlackElo "1967"]
[WhiteFideId "24676462"]
[BlackFideId "16205820"]
[EventDate "2016.07.09"]

1. Nf3 c5 2. e3 Nc6 3. b3 e5 4. Bb2 d6 5. d4 cxd4 6. exd4 e4 7. Qe2 d5 8. Nbd2
Nf6 9. Ne5 Bd6 10. f3 exf3 11. Qxf3 O-O 12. Bd3 Re8 13. O-O Nxe5 14. dxe5 Bxe5
15. Bxe5 Rxe5 16. Qg3 Rh5 17. Rf4 Rh6 18. Rb4 b6 19. Re1 Be6 20. h3 Rc8 21. Ra4
Qc7 22. Qf2 a5 23. Rd4 Qc5 24. Re5 Nd7 25. Rg5 f6 26. Rg3 Ne5 27. c4 Nc6 28. Rf4
Qxf2+ 29. Kxf2 d4 30. Be4 Ne5 31. Bd5 Bxd5 32. cxd5 d3 33. Nc4 Rd8 34. Rd4 Rh5
35. Nxb6 Rf5+ 36. Kg1 Kf7 37. Nc4 Nc6 38. Rdg4 Rfxd5 39. Rxg7+ Ke6 40. Re3+ Ne5
41. Nd2 Rc5 42. Re1 Rc2 43. Rd1 Rd7 44. Rxd7 Kxd7 45. a3 Ke6 46. Kf2 f5 47. Ke3
Ra2 48. a4 Rb2 49. Rf1 Rc2 50. Rf2 Rc1 51. Rf1 Rxf1 52. Nxf1 Kd5 53. Kd2 Kd4 54.
Nh2 Ke4 55. Nf1 Kd4 56. Ne3 f4 57. Nf5+ Kc5 58. Kc3 Kd5 59. h4 Ke4 60. Ne7 f3
61. gxf3+ Nxf3 62. h5 d2 63. Kc2 Ke3 64. Nd5+ Ke2 65. Nf4+ Ke1 66. Nd3+ Ke2 67.
Nb2 Nd4+ 68. Kc3 Nc6 69. Kc4 Nb4 0-1

[Event "44th Sparkassen Open"]
[Site "Dortmund GER"]
[Date "2016.07.17"]
[Round "9.16"]
[White "Rott, Georg"]
[Black "Heldt, Maximilian"]
[Result "0-1"]
[WhiteElo "2139"]
[BlackElo "1975"]
[WhiteFideId "4633393"]
[BlackFideId "12952346"]
[EventDate "2016.07.09"]

1. e4 c5 2. Nf3 Nc6 3. Bb5 g6 4. Bxc6 dxc6 5. d3 Bg7 6. h3 e5 7. Be3 b6 8. Nbd2
Ne7 9. O-O O-O 10. Nc4 Qc7 11. a4 Be6 12. Nfd2 f5 13. f3 f4 14. Bf2 g5 15. Qe2
Ng6 16. Rfd1 h5 17. c3 Rad8 18. b4 cxb4 19. cxb4 Qd7 20. Ra3 g4 21. hxg4 hxg4
22. fxg4 f3 23. Qe3 fxg2 24. Qg5 Qf7 25. Bg3 Bxc4 26. dxc4 Rxd2 27. Qxd2 Qf1+ 0-1

[Event "44th Sparkassen Open"]
[Site "Dortmund GER"]
[Date "2016.07.17"]
[Round "9.17"]
[White "Winkel, Peter"]
[Black "Koellner, Christof"]
[Result "1/2-1/2"]
[WhiteElo "2038"]
[BlackElo "2133"]
[WhiteFideId "12954756"]
[BlackFideId "4635787"]
[EventDate "2016.07.09"]

1. d4 d6 2. Nf3 Nf6 3. c4 Nbd7 4. Nc3 e5 5. e4 Be7 6. Be2 O-O 7. O-O c6 8. Rb1
Qc7 9. b4 a5 10. a3 h6 11. Qc2 Re8 12. Rd1 Bf8 13. d5 axb4 14. axb4 Nb6 15. Be3
Ng4 16. Bd2 Bd7 17. h3 Nf6 18. dxc6 bxc6 19. Be3 Be6 20. c5 dxc5 21. bxc5 Nc4
22. Bxc4 Bxc4 23. Nd2 Be6 24. Na4 Nd7 25. Nc4 Bxc4 26. Qxc4 Ra5 27. Bd2 Ra7 28.
Bc3 Rb7 29. Kh2 Reb8 30. Rxb7 Rxb7 31. Rd3 Rb5 32. Bb4 Qa7 33. Rf3 Nxc5 34. Bxc5
Bxc5 35. Nxc5 Rxc5 36. Rxf7 Qxf7 37. Qxc5 Qf4+ 38. Kg1 Qxe4 39. Qe7 Kh7 40. g3
Qd5 41. Qf8 e4 42. h4 h5 43. Qe8 c5 44. Kh2 Qf5 45. Kg1 Qf3 46. Qc6 Qd1+ 47. Kg2
Qf3+ 48. Kg1 Qf5 49. Kg2 Qe5 50. Kf1 e3 51. fxe3 Qxe3 52. Qd5 Kg6 53. Qd6+ Kf5
54. Qf8+ Ke4 55. Qxg7 Kf3 56. Qf6+ Kxg3 57. Qg5+ Kf3 58. Qxh5+ Ke4 59. Qe8+ 1/2-1/2

[Event "44th Sparkassen Open"]
[Site "Dortmund GER"]
[Date "2016.07.17"]
[Round "9.19"]
[White "Savchenko, Daniel"]
[Black "Kuechle, Wolfgang"]
[Result "1/2-1/2"]
[WhiteElo "1942"]
[BlackElo "2030"]
[WhiteFideId "12919195"]
[BlackFideId "24628581"]
[EventDate "2016.07.09"]

1. e4 e6 2. Nf3 d5 3. Nc3 Nf6 4. e5 Nfd7 5. d4 c5 6. dxc5 Nc6 7. Bf4 Nxc5 8. Bd3
Be7 9. Qe2 Bd7 10. O-O Nxd3 11. cxd3 a6 12. Qd2 O-O 13. a3 Qb6 14. Ne2 a5 15.
Rac1 a4 16. Be3 Qa5 17. Rc3 Rfc8 18. Rfc1 Qa6 19. Bc5 Bxc5 20. Rxc5 b6 21. R5c3
Na5 22. Nfd4 Rxc3 23. Rxc3 Rc8 24. Qc2 Rc5 25. Rxc5 bxc5 26. Qxc5 Qxd3 27. h3
Qa6 28. Qc7 Be8 29. Qd8 Kf8 30. Nc3 Nc6 31. Qd6+ Kg8 32. Ndb5 Qc8 33. Nc7 Na5
34. Nxe8 Qxe8 35. Qb4 Nc4 36. f4 f6 37. exf6 gxf6 38. f5 Qd7 39. Nxa4 Qa7+ 40.
Nc5 Nxb2 41. Kh1 exf5 42. Ne6 Kf7 43. Nd8+ Ke8 44. Qxb2 Qe3 45. Nc6 f4 46. Qxf6
Qe1+ 1/2-1/2

[Event "44th Sparkassen Open"]
[Site "Dortmund GER"]
[Date "2016.07.17"]
[Round "9.20"]
[White "Huhs, Sven"]
[Black "Borchert, Louis"]
[Result "0-1"]
[WhiteElo "2034"]
[BlackElo "1878"]
[WhiteFideId "24669130"]
[BlackFideId "12990680"]
[EventDate "2016.07.09"]

1. d4 d5 2. c4 e6 3. Nc3 Nf6 4. Bg5 Be7 5. Nf3 O-O 6. e3 Nbd7 7. Rc1 b6 8. cxd5
exd5 9. Bd3 c5 10. O-O Bb7 11. Qc2 Rc8 12. Rfd1 Ne4 13. Bf4 f5 14. Qa4 a6 15.
Ne5 Nxe5 16. Bxe5 b5 17. Qc2 c4 18. Bf1 Qd7 19. f3 Ng5 20. h4 Ne6 21. g3 Bd6 22.
Bh3 g6 23. e4 fxe4 24. fxe4 Bxe5 25. dxe5 d4 26. Bxe6+ Qxe6 27. Rxd4 Qxe5 28.
Rcd1 Qxg3+ 29. Qg2 Qe3+ 30. Kh1 Rf4 31. Rd8+ Rxd8 32. Rxd8+ Kf7 33. Rd7+ Ke6 34.
Re7+ Kxe7 35. Nd5+ Bxd5 36. Qg5+ Kf8 0-1

[Event "44th Sparkassen Open"]
[Site "Dortmund GER"]
[Date "2016.07.17"]
[Round "9.21"]
[White "Austrup, David"]
[Black "Voicu-Jagodzinsky, Carmen"]
[Result "0-1"]
[BlackTitle "WGM"]
[WhiteElo "2001"]
[BlackElo "2263"]
[WhiteFideId "12996890"]
[BlackFideId "1206729"]
[EventDate "2016.07.09"]

1. e4 c5 2. d4 cxd4 3. c3 dxc3 4. Nxc3 e6 5. Nf3 Nc6 6. Bc4 a6 7. O-O Nge7 8.
Bg5 h6 9. Be3 Ng6 10. Re1 b5 11. Bb3 Be7 12. Nd5 exd5 13. exd5 O-O 14. dxc6 Bb4
15. cxd7 Bxd7 16. Rf1 Qe7 17. Qd3 Be6 18. Bxe6 Qxe6 19. a3 Be7 20. Nd4 Qd5 21.
Qf5 Rfd8 22. Qxd5 Rxd5 23. Rab1 Bf6 24. Ne2 Rc8 25. b3 Rc2 26. Ng3 Ra2 27. Ne4
Be5 28. Rfc1 Rxa3 29. Bc5 Ra2 30. Nc3 Bxc3 31. Rxc3 Nf4 32. Rf3 Ne2+ 33. Kf1
Rxc5 34. Re1 Rcc2 0-1

[Event "44th Sparkassen Open"]
[Site "Dortmund GER"]
[Date "2016.07.17"]
[Round "9.22"]
[White "Wastian, Jan"]
[Black "Hartung, Thomas2"]
[Result "1/2-1/2"]
[WhiteElo "1877"]
[BlackElo "2018"]
[WhiteFideId "12911640"]
[BlackFideId "4639146"]
[EventDate "2016.07.09"]

1. e4 e5 2. Nf3 Nc6 3. Bb5 a6 4. Ba4 Nf6 5. d3 b5 6. Bb3 Bc5 7. O-O d6 8. a4 Rb8
9. axb5 axb5 10. c3 O-O 11. Nbd2 Be6 12. h3 Bb6 13. Re1 Nh5 14. Nf1 Qf6 15. Be3
Nf4 16. Bc2 g5 17. d4 Ne7 18. N1h2 h5 19. h4 gxh4 20. Bxf4 Qxf4 21. dxe5 dxe5
22. Qc1 Qg3 23. Qg5+ Ng6 24. Kh1 Bxf2 25. Qxh5 Kg7 26. Nf1 Qf4 27. Re2 Bb6 28.
Qg5 Qxg5 29. Nxg5 Bc4 30. Ree1 Bf2 31. Red1 b4 32. Rd7 bxc3 33. b3 Bxb3 34. Bxb3
Rxb3 35. Ne6+ Kg8 36. Nxf8 Kxf8 37. Rxc7 Nf4 38. Rd1 Bd4 39. Nh2 Rb2 40. Nf3 Ne2
41. Nxd4 exd4 42. Kh2 Nf4 43. Rxd4 Rxg2+ 44. Kh1 h3 45. Rxc3 Rf2 46. Rdc4 Rf1+
47. Kh2 Rf2+ 48. Kh1 1/2-1/2

[Event "44th Sparkassen Open"]
[Site "Dortmund GER"]
[Date "2016.07.17"]
[Round "9.23"]
[White "Maniocha, Marek"]
[Black "Knudsen, Martin"]
[Result "1/2-1/2"]
[WhiteElo "1982"]
[BlackElo "2018"]
[WhiteFideId "4636821"]
[BlackFideId "1406523"]
[EventDate "2016.07.09"]

1. e4 d6 2. d4 Nf6 3. Nc3 g6 4. Be2 Bg7 5. Be3 c6 6. Qd2 b5 7. a3 Bb7 8. Nf3
Nbd7 9. O-O Qc7 10. h3 O-O 11. Bh6 a6 12. Bxg7 Kxg7 13. Qe3 c5 14. e5 dxe5 15.
dxe5 Nd5 16. Nxd5 Bxd5 17. Rfe1 f6 18. Rad1 Nb6 19. Bd3 Nc4 20. Bxc4 Bxc4 21.
Rd2 Rfd8 22. Red1 Rxd2 23. Qxd2 Be6 24. Qc3 Rc8 25. Rd2 a5 26. Qe3 b4 27. axb4
axb4 28. Ne1 c4 29. c3 bxc3 30. bxc3 Qc5 31. Rd4 Rb8 32. Nf3 Rb5 33. Qd2 Bd5 34.
Ne1 Bb7 35. f4 e6 36. Kh2 Bd5 37. Qe3 Rb2 38. Nf3 Qc6 39. Kg3 Rc2 40. h4 Qa8 41.
Rd2 Qa2 42. Qf2 Rxd2 43. Qxd2 Qb1 44. Qe3 Qc2 45. Qd2 Qb1 46. Nd4 h6 47. Kh2 Qd3
48. Qe1 h5 49. Qg3 Qe4 50. Nb5 Qd3 51. Nd6 Kg8 52. Qh3 Qc2 53. Nb5 1/2-1/2

[Event "44th Sparkassen Open"]
[Site "Dortmund GER"]
[Date "2016.07.17"]
[Round "9.24"]
[White "Dette, Jan"]
[Black "Knudsen, Simon"]
[Result "1/2-1/2"]
[WhiteElo "2015"]
[BlackElo "1873"]
[WhiteFideId "12936677"]
[BlackFideId "12985546"]
[EventDate "2016.07.09"]

1. c4 Nf6 2. Nc3 e5 3. e4 Nc6 4. g3 Bc5 5. Bg2 d6 6. Nge2 Nd4 7. Nxd4 Bxd4 8.
Ne2 Bb6 9. d4 O-O 10. O-O Be6 11. b3 Qc8 12. Bg5 Nd7 13. Be3 exd4 14. Bxd4 Bxd4
15. Nxd4 Nf6 16. f4 Bh3 17. Qf3 Bxg2 18. Kxg2 Re8 19. Rae1 Qd7 20. Nf5 Qc6 21.
Nd4 1/2-1/2

[Event "44th Sparkassen Open"]
[Site "Dortmund GER"]
[Date "2016.07.17"]
[Round "9.25"]
[White "Sicars, Thorsten"]
[Black "Stemmler, Fabian"]
[Result "1/2-1/2"]
[WhiteElo "2066"]
[BlackElo "1931"]
[WhiteFideId "12904090"]
[BlackFideId "12964808"]
[EventDate "2016.07.09"]

1. d4 e6 2. Bf4 f5 3. e3 Nf6 4. Nf3 g6 5. c4 d6 6. Nc3 Bg7 7. h3 O-O 8. Be2 b6
9. O-O Bb7 10. b4 Qe7 11. Qb3 Kh8 12. c5 Nbd7 13. Bh2 e5 14. Rac1 Ne4 15. Rfd1 1/2-1/2

[Event "44th Sparkassen Open"]
[Site "Dortmund GER"]
[Date "2016.07.17"]
[Round "9.26"]
[White "von Bargen, Lukas"]
[Black "Tayyar, Alptug"]
[Result "1/2-1/2"]
[WhiteElo "1964"]
[BlackElo "2037"]
[WhiteFideId "12946141"]
[BlackFideId "12993450"]
[EventDate "2016.07.09"]

1. d4 d5 2. Nf3 Nf6 3. Bf4 c5 4. e3 Nc6 5. Nbd2 cxd4 6. exd4 Qb6 7. Nb3 Bf5 8.
Bd3 Bxd3 9. Qxd3 e6 10. O-O Be7 11. Rfe1 O-O 12. Ne5 Rfc8 13. Nxc6 Qxc6 14. c3
b5 15. Na5 Qb6 16. b4 Ne4 17. Rec1 Bd6 18. Bxd6 Nxd6 19. Nb3 Nc4 20. a3 g6 21.
Nc5 a5 22. Qd1 Ra7 23. h4 Rca8 24. h5 Qd8 25. bxa5 Qxa5 26. a4 Nb2 27. Qe2 Nxa4
28. h6 Qd8 29. Nxa4 bxa4 30. Qe3 a3 31. Rcb1 Qh4 32. g3 Qe4 33. Qg5 Qf5 34. Qe3
f6 35. Qe2 Kf7 36. Rb6 a2 37. Qb5 g5 38. Rb7+ Kg6 39. Rxa7 Rxa7 40. Qb6 Kxh6 41.
Kg2 Qe4+ 42. Kh2 Rg7 43. Rxa2 g4 44. Qb8 Rg6 45. Ra7 Qf3 46. Kg1 Qd1+ 47. Kg2
Qf3+ 48. Kg1 Qd1+ 49. Kg2 Qf3+ 50. Kg1 Qd1+ 1/2-1/2

[Event "44th Sparkassen Open"]
[Site "Dortmund GER"]
[Date "2016.07.17"]
[Round "9.28"]
[White "Schmitz, Edgar"]
[Black "Phunhon Lopez, Daniel Alejandro"]
[Result "1-0"]
[WhiteElo "1981"]
[BlackElo "1958"]
[WhiteFideId "24675270"]
[BlackFideId "12952567"]
[EventDate "2016.07.09"]

1. e4 c5 2. Nf3 e6 3. b3 a6 4. Bb2 b5 5. d4 cxd4 6. Nxd4 Bb7 7. Bd3 Nc6 8. O-O
Nf6 9. Qe2 Qc7 10. Nd2 Bc5 11. Nxc6 Qxc6 12. c4 bxc4 13. bxc4 d6 14. Rab1 e5 15.
Bc3 O-O 16. Rfe1 Rfb8 17. Nb3 Nd7 18. Na5 Qc7 19. Kh1 Bb6 20. Qd2 Nc5 21. Bc2
Bc8 22. Red1 Be6 23. f3 Rd8 24. Bb3 Rab8 25. h3 h6 26. Rb2 Nb7 27. Nxb7 Rxb7 28.
Rc2 Qc6 29. Ba5 Rbd7 30. Qb4 Bxa5 31. Qxa5 Qa8 32. Ba4 Re7 33. c5 d5 34. Bc6
Qxc6 35. Qxd8+ Re8 36. Qb6 Qa4 37. Qb3 Qxb3 38. axb3 dxe4 39. Rc3 exf3 40. gxf3
Bxh3 41. b4 Kf8 42. Rd6 Bf1 43. Kg1 Bb5 44. Re3 f6 45. Kf2 Rc8 46. Ra3 Ke7 47.
Ra1 h5 48. Rb6 g5 49. Rd1 Rc6 50. Rb8 h4 51. Rdd8 Ke6 52. Rb7 Ba4 53. Ra7 Bb5
54. Raa8 Rc7 55. Rd6+ Ke7 56. Rh8 Rc6 57. Rh7+ Ke8 58. Rdd7 Rc8 59. Rdg7 Kd8 60.
Rg8+ Be8 61. Ke3 Rc6 62. Ke4 Re6 63. Kd5 Re7 64. Rhh8 Kd7 65. c6+ Kd8 66. Kd6 1-0

[Event "44th Sparkassen Open"]
[Site "Dortmund GER"]
[Date "2016.07.17"]
[Round "9.29"]
[White "Klueting, Reiner"]
[Black "Busche, Klaus"]
[Result "0-1"]
[WhiteElo "1907"]
[BlackElo "2033"]
[WhiteFideId "4644760"]
[BlackFideId "24604631"]
[EventDate "2016.07.09"]

1. Nf3 d5 2. b3 Bg4 3. Bb2 Nd7 4. d4 e6 5. Nbd2 Ngf6 6. g3 Be7 7. Bg2 h6 8. O-O
O-O 9. Ne5 Bf5 10. f3 c5 11. e4 Bh7 12. Nxd7 Qxd7 13. e5 Ne8 14. f4 Nc7 15. c3
cxd4 16. cxd4 Rac8 17. Rc1 Na6 18. Rf3 Nb4 19. Bf1 Rxc1 20. Qxc1 Rc8 21. Rc3
Rxc3 22. Qxc3 Nxa2 23. Qa5 Nb4 24. Qxa7 Bf5 25. Qa4 Qc8 26. Ba3 Qc3 27. Qe8+ Kh7
28. Qxe7 Qe3+ 29. Kh1 Qxd2 0-1

[Event "44th Sparkassen Open"]
[Site "Dortmund GER"]
[Date "2016.07.17"]
[Round "9.30"]
[White "Garbuz, Vitaliy"]
[Black "Schimnatkowski, Lukas"]
[Result "1/2-1/2"]
[WhiteElo "1907"]
[BlackElo "2030"]
[WhiteFideId "12990710"]
[BlackFideId "12936723"]
[EventDate "2016.07.09"]

1. e4 Nc6 2. Nf3 e5 3. Bc4 Nf6 4. d4 exd4 5. e5 d5 6. Bb5 Ne4 7. Nxd4 Bc5 8. Be3
Bd7 9. Bxc6 bxc6 10. O-O O-O 11. f3 Ng5 12. f4 Ne4 13. Nd2 Nxd2 14. Qxd2 Qe7 15.
Rae1 Bxd4 16. Qxd4 Bf5 17. c3 Qe6 18. Qd2 Rfe8 19. Bd4 a5 20. h3 h5 21. Re3 1/2-1/2

[Event "44th Sparkassen Open"]
[Site "Dortmund GER"]
[Date "2016.07.17"]
[Round "9.31"]
[White "Geerling, Anton"]
[Black "Kiehn, Andreas"]
[Result "1-0"]
[WhiteElo "2008"]
[BlackElo "1926"]
[WhiteFideId "12976733"]
[BlackFideId "12922250"]
[EventDate "2016.07.09"]

1. e4 e5 2. Nf3 Nc6 3. Bc4 Bc5 4. c3 d6 5. d4 exd4 6. cxd4 Bb4+ 7. Bd2 Bxd2+ 8.
Nbxd2 Bd7 9. d5 Ne5 10. Nxe5 dxe5 11. Qb3 Qc8 12. Rc1 Nh6 13. O-O f6 14. Bb5 Nf7
15. Bxd7+ Kxd7 16. Rc2 Nd6 17. Rfc1 Qb8 18. Qh3+ Kd8 19. Nb3 b6 20. f4 Qc8 21.
Qh4 Nf7 22. fxe5 Nxe5 23. Nd4 c5 24. dxc6 Nd3 25. Rd1 Nb4 26. Nf5+ Ke8 27. Nd6+ 1-0

[Event "44th Sparkassen Open"]
[Site "Dortmund GER"]
[Date "2016.07.17"]
[Round "9.32"]
[White "Dyballa, Gerhard"]
[Black "Biermann, Florian"]
[Result "1-0"]
[WhiteElo "1966"]
[BlackElo "1924"]
[WhiteFideId "4645189"]
[BlackFideId "12970069"]
[EventDate "2016.07.09"]

1. c4 g6 2. Nc3 Bg7 3. g3 c5 4. Bg2 Nc6 5. Nf3 e6 6. O-O Nge7 7. e3 O-O 8. d4 d6
9. b3 cxd4 10. Nxd4 Nxd4 11. exd4 Nf5 12. Ne2 Rb8 13. Bb2 b5 14. cxb5 Rxb5 15.
Rc1 Ba6 16. Qd2 d5 17. Rfd1 Rb8 18. Rc6 Rb6 19. Rc5 Bxe2 20. Qxe2 Rb8 21. Qd2
Qd7 22. Rdc1 Rfc8 23. g4 Nd6 24. Ba3 Nb7 25. Rxc8+ Rxc8 26. Bc5 Nd8 27. b4 Nc6
28. Rb1 Rb8 29. Rb3 Bf8 30. b5 Ne5 31. Qf4 Bxc5 32. dxc5 f6 33. a4 Rc8 34. c6
Qe7 35. g5 Kg7 36. Qd4 Nc4 37. Rf3 Rf8 38. gxf6+ Rxf6 39. Rxf6 Qxf6 40. Qxa7+
Kh6 41. Qc5 Qa1+ 42. Bf1 Qd1 43. f3 Qxf3 44. Bxc4 Qg4+ 45. Kf2 Qf4+ 46. Ke1 Qc1+
47. Ke2 Qc2+ 48. Kf1 Qd1+ 49. Kg2 Qg4+ 50. Kf2 Qh4+ 51. Ke2 Qxh2+ 52. Qf2 Qh5+
53. Kd2 dxc4 54. Qe3+ Kg7 55. Qd4+ Kf7 56. Kc3 Qh2 57. Kxc4 h5 58. Qd7+ Kf6 59.
c7 Qc2+ 60. Kb4 Qe4+ 61. Ka5 Qa8+ 62. Kb6 1-0